Langues les plus Parlées en France - Statistiques

Statistiques générales
  • Ce quiz a été pris 1 221 fois
  • Le résultat moyen est 8 sur 10
Statistiques - réponses
% Langue % Correct
96,25 Français
100%
24,21 Anglais
97%
9,06 Espagnol
97%
2,64 Arabe
94%
5,27 Allemand
91%
3,68 Italien
87%
2,41 Portugais
82%
0,29 Néerlandais
49%
0,49 Turc
34%
0,83 Polonais
33%
Aucun quiz correspondant
Distribution des résultats
% des personnes avec chaque résultat
Percentile par nombre de réponses
Votre historique - résultats
Vous n’avez pas pris ce quiz